[Event "Grand Swiss "]
[Date "2025.09.11"]
[White "Mamedyarov, Shakhriyar"]
[Black "Sargsyan, Shant"]
[WhiteElo "2741"]
[BlackElo "2653"]
[Round "7.7.7"]
[Result "1/2-1/2"]

1. d4 {[%clk 01:40:56] [%emt 00:00:03]} Nf6 {[%clk 01:39:40] [%emt 00:01:20]} 2.
c4 {[%clk 01:40:55] [%emt 00:00:31]} e6 {[%clk 01:40:02] [%emt 00:00:08]} 3. Nc3
{[%clk 01:41:19] [%emt 00:00:06]} Bb4 {[%clk 01:40:26] [%emt 00:00:06]} 4. e3
{[%clk 01:41:44] [%emt 00:00:04]} O-O {[%clk 01:40:23] [%emt 00:00:34]} 5. Bd3
{[%clk 01:42:02] [%emt 00:00:13]} d5 {[%clk 01:40:43] [%emt 00:00:09]} 6. Nf3
{[%clk 01:42:22] [%emt 00:00:10]} dxc4 {[%clk 01:40:29] [%emt 00:00:45]} 7. Bxc4
{[%clk 01:42:46] [%emt 00:00:05]} c5 {[%clk 01:40:54] [%emt 00:00:05]} 8. O-O
{[%clk 01:42:59] [%emt 00:00:17]} cxd4 {[%clk 01:41:00] [%emt 00:00:24]} 9. exd4
{[%clk 01:43:14] [%emt 00:00:14]} b6 {[%clk 01:41:24] [%emt 00:00:07]} 10. Qa4
{[%clk 01:43:36] [%emt 00:00:08]} Be7 {[%clk 01:41:17] [%emt 00:00:36]} 11. Rd1
{[%clk 01:43:52] [%emt 00:00:14]} Bb7 {[%clk 01:40:50] [%emt 00:00:57]} 12. Ne5
{[%clk 01:44:16] [%emt 00:00:06]} Qe8 {[%clk 01:40:15] [%emt 00:01:05]} 13. Bb5
{[%clk 01:42:23] [%emt 00:02:23]} Qc8 {[%clk 01:38:33] [%emt 00:02:12]} 14. Be2
{[%clk 01:37:40] [%emt 00:05:13]} Nc6 {[%clk 01:29:09] [%emt 00:09:55]} 15. Bg5
{[%clk 01:28:02] [%emt 00:10:07]} Nd5 {[%clk 01:17:45] [%emt 00:11:54]} 16. Bxe7
{[%clk 01:26:55] [%emt 00:01:37]} Nxc3 {[%clk 01:11:55] [%emt 00:06:20]} 17.
bxc3 {[%clk 01:26:09] [%emt 00:01:17]} Nxe7 {[%clk 01:12:23] [%emt 00:00:02]}
18. c4 {[%clk 01:24:19] [%emt 00:02:20]} Rd8 {[%clk 01:08:10] [%emt 00:04:43]}
19. Rac1 {[%clk 01:23:53] [%emt 00:00:55]} Ng6 {[%clk 01:01:31] [%emt 00:07:10]}
20. Nxg6 {[%clk 01:22:41] [%emt 00:01:42]} hxg6 {[%clk 01:01:56] [%emt
00:00:05]} 21. d5 {[%clk 01:14:44] [%emt 00:08:27]} Rd6 {[%clk 00:57:59] [%emt
00:04:27]} 22. Bg4 {[%clk 01:07:59] [%emt 00:07:12]} f5 {[%clk 00:54:09] [%emt
00:04:22]} 23. Bf3 {[%clk 01:08:22] [%emt 00:00:07]} e5 {[%clk 00:43:48] [%emt
00:10:52]} 24. Qa3 {[%clk 01:06:16] [%emt 00:02:36]} Qc7 {[%clk 00:37:19] [%emt
00:06:59]} 25. Re1 {[%clk 00:53:24] [%emt 00:13:22]} e4 {[%clk 00:34:36] [%emt
00:03:13]} 26. Be2 {[%clk 00:51:51] [%emt 00:02:01]} Rc8 {[%clk 00:34:55] [%emt
00:00:13]} 27. Bf1 {[%clk 00:46:55] [%emt 00:05:25]} a6 {[%clk 00:32:27] [%emt
00:02:59]} 28. Qe3 {[%clk 00:43:26] [%emt 00:03:57]} Qc5 {[%clk 00:28:40] [%emt
00:04:20]} 29. Rb1 {[%clk 00:35:43] [%emt 00:08:12]} Kf7 {[%clk 00:24:50] [%emt
00:04:20]} 30. a4 {[%clk 00:33:14] [%emt 00:02:59]} a5 {[%clk 00:17:22] [%emt
00:07:58]} 31. Qg5 {[%clk 00:25:38] [%emt 00:08:03]} Ba6 {[%clk 00:15:54] [%emt
00:02:01]} 32. h4 {[%clk 00:25:32] [%emt 00:00:35]} Rf6 {[%clk 00:14:05] [%emt
00:02:20]} 33. Rbc1 {[%clk 00:21:30] [%emt 00:04:31]} Rh8 {[%clk 00:12:47] [%emt
00:01:48]} 34. Qf4 {[%clk 00:16:57] [%emt 00:05:03]} Bc8 {[%clk 00:12:05] [%emt
00:01:13]} 35. g3 {[%clk 00:16:17] [%emt 00:01:10]} Bd7 {[%clk 00:11:58] [%emt
00:00:36]} 36. Ra1 {[%clk 00:16:38] [%emt 00:00:08]} Qd6 {[%clk 00:08:49] [%emt
00:03:39]} 37. Qxd6 {[%clk 00:15:39] [%emt 00:01:29]} Rxd6 {[%clk 00:09:14]
[%emt 00:00:05]} 38. Re3 {[%clk 00:15:19] [%emt 00:00:49]} g5 {[%clk 00:06:35]
[%emt 00:03:09]} 39. hxg5 {[%clk 00:15:24] [%emt 00:00:26]} Kg6 {[%clk 00:06:56]
[%emt 00:00:09]} 40. f4 {[%clk 00:09:36] [%emt 00:06:17]} exf3 {[%clk 00:06:55]
[%emt 00:00:32]} 41. Rxf3 {[%clk 00:09:59] [%emt 00:00:07]} Kxg5 {[%clk
00:06:16] [%emt 00:01:09]} 42. Kf2 {[%clk 00:07:56] [%emt 00:02:33]} Kf6 {[%clk
00:01:51] [%emt 00:04:55]} 43. Ke3 {[%clk 00:05:34] [%emt 00:02:51]} Ke5 {[%clk
00:46:39] [%emt 00:05:43]} 44. Kd3 {[%clk 00:53:13] [%emt 00:02:50]} Rg6 {[%clk
00:44:53] [%emt 00:02:17]} 45. Rb1 {[%clk 00:50:07] [%emt 00:03:36]} 1/2-1/2

[Site "Europe Echecs"]

[Event "Grand Swiss "]
[Date "2025.09.11"]
[White "Niemann, Hans Moke"]
[Black "Erdogmus, Yagiz Kaan"]
[WhiteElo "2733"]
[BlackElo "2646"]
[Round "7.7.8"]
[Result "1-0"]

1. e4 {[%clk 01:40:52] [%emt 00:00:06]} e5 {[%clk 01:40:55] [%emt 00:00:06]} 2.
Nf3 {[%clk 01:41:03] [%emt 00:00:18]} Nf6 {[%clk 01:41:18] [%emt 00:00:09]} 3.
Nxe5 {[%clk 01:37:46] [%emt 00:03:46]} d6 {[%clk 01:41:45] [%emt 00:00:04]} 4.
Nf3 {[%clk 01:37:06] [%emt 00:01:08]} Nxe4 {[%clk 01:42:12] [%emt 00:00:05]} 5.
d4 {[%clk 01:36:03] [%emt 00:01:33]} d5 {[%clk 01:42:11] [%emt 00:00:30]} 6. Bd3
{[%clk 01:35:00] [%emt 00:01:32]} Nc6 {[%clk 01:41:21] [%emt 00:01:21]} 7. O-O
{[%clk 01:34:43] [%emt 00:00:45]} Bg4 {[%clk 01:40:16] [%emt 00:01:37]} 8. c3
{[%clk 01:27:07] [%emt 00:08:05]} f5 {[%clk 01:19:29] [%emt 00:21:18]} 9. Nbd2
{[%clk 01:26:49] [%emt 00:00:47]} Qf6 {[%clk 00:39:33] [%emt 00:40:26]} 10. Qa4
{[%clk 01:13:10] [%emt 00:14:09]} O-O-O {[%clk 00:23:41] [%emt 00:16:24]} 11.
Bb5 {[%clk 01:13:12] [%emt 00:00:26]} Nxd2 {[%clk 00:23:35] [%emt 00:00:37]} 12.
Nxd2 {[%clk 01:13:35] [%emt 00:00:05]} f4 {[%clk 00:21:58] [%emt 00:02:10]} 13.
Re1 {[%clk 01:05:46] [%emt 00:08:18]} f3 {[%clk 00:16:20] [%emt 00:06:09]} 14.
h3 {[%clk 00:58:25] [%emt 00:07:50]} Bh5 {[%clk 00:06:09] [%emt 00:10:42]} 15.
Bxc6 {[%clk 00:52:16] [%emt 00:06:39]} bxc6 {[%clk 00:05:18] [%emt 00:01:21]}
16. Re5 {[%clk 00:52:22] [%emt 00:00:23]} Qg6 {[%clk 00:03:48] [%emt 00:02:00]}
17. g3 {[%clk 00:52:41] [%emt 00:00:11]} Bd6 {[%clk 00:02:31] [%emt 00:01:47]}
18. Nb3 {[%clk 00:53:04] [%emt 00:00:07]} Rhf8 {[%clk 00:00:56] [%emt 00:02:06]}
19. Be3 {[%clk 00:48:17] [%emt 00:05:16]} Rde8 {[%clk 00:01:25] [%emt 00:00:02]}
20. Qxc6 {[%clk 00:46:26] [%emt 00:02:20]} Bxe5 {[%clk 00:01:43] [%emt
00:00:13]} 21. Qa8+ {[%clk 00:46:52] [%emt 00:00:04]} Kd7 {[%clk 00:02:10] [%emt
00:00:04]} 22. Nc5+ {[%clk 00:43:08] [%emt 00:04:13]} Ke7 {[%clk 00:02:25] [%emt
00:00:15]} 23. Qxd5 {[%clk 00:43:33] [%emt 00:00:05]} Qf5 {[%clk 00:00:34] [%emt
00:02:22]} 24. Bg5+ {[%clk 00:42:59] [%emt 00:01:03]} Rf6 {[%clk 00:00:58] [%emt
00:00:06]} 25. dxe5 {[%clk 00:42:32] [%emt 00:00:57]} Qxg5 {[%clk 00:00:59]
[%emt 00:00:30]} 26. exf6+ {[%clk 00:42:52] [%emt 00:00:10]} gxf6 {[%clk
00:01:25] [%emt 00:00:04]} 1-0

[Site "Europe Echecs"]

[Event "Grand Swiss "]
[Date "2025.09.11"]
[White "Vidit, Santosh Gujrathi"]
[Black "Maurizzi, MarcAndria"]
[WhiteElo "2712"]
[BlackElo "2610"]
[Round "7.7.9"]
[Result "1-0"]

1. d4 {[%clk 01:40:29] [%emt 00:00:30]} d5 {[%clk 01:39:50] [%emt 00:01:11]} 2.
c4 {[%clk 01:40:46] [%emt 00:00:13]} e6 {[%clk 01:40:12] [%emt 00:00:08]} 3. Nc3
{[%clk 01:41:03] [%emt 00:00:12]} Be7 {[%clk 01:39:36] [%emt 00:01:07]} 4. cxd5
{[%clk 01:41:04] [%emt 00:00:29]} exd5 {[%clk 01:39:04] [%emt 00:01:03]} 5. Bf4
{[%clk 01:41:24] [%emt 00:00:09]} Nf6 {[%clk 01:38:56] [%emt 00:00:38]} 6. e3
{[%clk 01:41:41] [%emt 00:00:13]} Bf5 {[%clk 01:39:06] [%emt 00:00:20]} 7. Qb3
{[%clk 01:32:41] [%emt 00:09:31]} Nc6 {[%clk 01:38:49] [%emt 00:00:45]} 8. g4
{[%clk 01:32:50] [%emt 00:00:22]} Bd7 {[%clk 01:38:59] [%emt 00:00:21]} 9. h3
{[%clk 01:22:12] [%emt 00:11:07]} O-O {[%clk 01:39:10] [%emt 00:00:19]} 10. Nge2
{[%clk 01:03:13] [%emt 00:19:28]} Na5 {[%clk 01:16:51] [%emt 00:22:49]} 11. Qc2
{[%clk 01:01:34] [%emt 00:02:10]} c5 {[%clk 01:08:07] [%emt 00:09:15]} 12. dxc5
{[%clk 00:51:40] [%emt 00:10:24]} Bxc5 {[%clk 01:08:07] [%emt 00:00:28]} 13. Bg2
{[%clk 00:51:29] [%emt 00:00:42]} Rc8 {[%clk 00:54:52] [%emt 00:13:45]} 14. O-O
{[%clk 00:49:14] [%emt 00:02:45]} Be6 {[%clk 00:55:18] [%emt 00:00:04]} 15. Rad1
{[%clk 00:48:02] [%emt 00:01:42]} Qe8 {[%clk 00:49:33] [%emt 00:06:14]} 16. Qb1
{[%clk 00:30:27] [%emt 00:18:06]} Nc4 {[%clk 00:41:44] [%emt 00:08:20]} 17. b3
{[%clk 00:30:09] [%emt 00:00:48]} Nb6 {[%clk 00:35:42] [%emt 00:06:31]} 18. Bg5
{[%clk 00:26:36] [%emt 00:04:02]} d4 {[%clk 00:33:55] [%emt 00:02:18]} 19. exd4
{[%clk 00:20:35] [%emt 00:06:31]} Be7 {[%clk 00:29:54] [%emt 00:04:31]} 20. Bxb7
{[%clk 00:20:41] [%emt 00:00:25]} Rc7 {[%clk 00:30:20] [%emt 00:00:04]} 21. Bg2
{[%clk 00:20:55] [%emt 00:00:15]} Nfd5 {[%clk 00:29:27] [%emt 00:01:23]} 22.
Bxe7 {[%clk 00:20:00] [%emt 00:01:25]} Qxe7 {[%clk 00:29:29] [%emt 00:00:28]}
23. Qd3 {[%clk 00:18:08] [%emt 00:02:22]} Rfc8 {[%clk 00:28:31] [%emt 00:01:27]}
24. Rc1 {[%clk 00:16:40] [%emt 00:01:58]} g6 {[%clk 00:26:15] [%emt 00:02:46]}
25. Nxd5 {[%clk 00:13:30] [%emt 00:03:40]} Bxd5 {[%clk 00:26:35] [%emt
00:00:10]} 26. Rxc7 {[%clk 00:12:39] [%emt 00:01:21]} Rxc7 {[%clk 00:27:03]
[%emt 00:00:01]} 27. Nc3 {[%clk 00:11:40] [%emt 00:01:27]} Bxg2 {[%clk 00:26:19]
[%emt 00:01:15]} 28. Kxg2 {[%clk 00:12:09] [%emt 00:00:02]} h5 {[%clk 00:26:00]
[%emt 00:00:49]} 29. Qf3 {[%clk 00:10:44] [%emt 00:01:55]} hxg4 {[%clk 00:21:10]
[%emt 00:05:18]} 30. hxg4 {[%clk 00:11:08] [%emt 00:00:08]} Qb4 {[%clk 00:21:25]
[%emt 00:00:15]} 31. Ne4 {[%clk 00:09:45] [%emt 00:01:53]} Nd5 {[%clk 00:21:52]
[%emt 00:00:03]} 32. Rd1 {[%clk 00:09:14] [%emt 00:01:01]} Qe7 {[%clk 00:18:37]
[%emt 00:03:45]} 33. Nc5 {[%clk 00:07:01] [%emt 00:02:44]} Qg5 {[%clk 00:18:17]
[%emt 00:00:50]} 34. Re1 {[%clk 00:05:39] [%emt 00:01:51]} Nf4+ {[%clk 00:18:11]
[%emt 00:00:36]} 35. Kf1 {[%clk 00:05:11] [%emt 00:00:58]} Qh6 {[%clk 00:17:30]
[%emt 00:01:11]} 36. b4 {[%clk 00:03:59] [%emt 00:01:42]} g5 {[%clk 00:16:51]
[%emt 00:01:08]} 37. Re8+ {[%clk 00:03:22] [%emt 00:01:07]} Kg7 {[%clk 00:17:18]
[%emt 00:00:03]} 38. a3 {[%clk 00:02:07] [%emt 00:01:46]} Qh7 {[%clk 00:12:02]
[%emt 00:05:46]} 39. Re5 {[%clk 00:02:07] [%emt 00:00:29]} Qb1+ {[%clk 00:08:50]
[%emt 00:03:42]} 40. Re1 {[%clk 00:02:33] [%emt 00:00:04]} Qh7 {[%clk 00:09:18]
[%emt 00:00:02]} 41. d5 {[%clk 00:32:27] [%emt 00:20:36]} Qh6 {[%clk 00:56:50]
[%emt 00:02:58]} 42. Re8 {[%clk 00:26:58] [%emt 00:05:59]} Qf6 {[%clk 00:55:19]
[%emt 00:02:01]} 43. Qe4 {[%clk 00:24:12] [%emt 00:03:16]} Ng6 {[%clk 00:54:07]
[%emt 00:01:42]} 44. Qd3 {[%clk 00:18:50] [%emt 00:05:50]} Rc8 {[%clk 00:49:00]
[%emt 00:05:39]} 45. Re4 {[%clk 00:16:17] [%emt 00:03:03]} Nf4 {[%clk 00:48:00]
[%emt 00:01:30]} 46. Qd4 {[%clk 00:16:14] [%emt 00:00:33]} Rh8 {[%clk 00:40:30]
[%emt 00:07:59]} 47. Ke1 {[%clk 00:15:20] [%emt 00:01:25]} Rh1+ {[%clk 00:39:12]
[%emt 00:01:47]} 48. Kd2 {[%clk 00:15:45] [%emt 00:00:06]} Nxd5 {[%clk 00:39:35]
[%emt 00:00:07]} 49. Re5 {[%clk 00:13:14] [%emt 00:03:02]} 1-0

[Site "Europe Echecs"]

[Event "Grand Swiss "]
[Date "2025.09.11"]
[White "Pranav, V"]
[Black "Van Foreest, Jorden"]
[WhiteElo "2596"]
[BlackElo "2692"]
[Round "7.7.10"]
[Result "1/2-1/2"]

1. e4 {[%clk 01:40:57] [%emt 00:00:01]} e5 {[%clk 01:40:49] [%emt 00:00:11]} 2.
Nf3 {[%clk 01:41:20] [%emt 00:00:08]} Nc6 {[%clk 01:41:09] [%emt 00:00:09]} 3.
Bb5 {[%clk 01:41:44] [%emt 00:00:06]} Nf6 {[%clk 01:41:24] [%emt 00:00:15]} 4.
d3 {[%clk 01:41:54] [%emt 00:00:21]} d6 {[%clk 01:41:23] [%emt 00:00:29]} 5. O-O
{[%clk 01:42:16] [%emt 00:00:09]} a6 {[%clk 01:41:19] [%emt 00:00:34]} 6. Bxc6+
{[%clk 01:42:38] [%emt 00:00:08]} bxc6 {[%clk 01:41:42] [%emt 00:00:06]} 7. Re1
{[%clk 01:42:57] [%emt 00:00:12]} Nd7 {[%clk 01:39:53] [%emt 00:02:18]} 8. d4
{[%clk 01:40:57] [%emt 00:02:30]} f6 {[%clk 01:38:51] [%emt 00:01:32]} 9. Nbd2
{[%clk 01:35:55] [%emt 00:05:32]} a5 {[%clk 01:37:53] [%emt 00:01:28]} 10. a4
{[%clk 01:32:24] [%emt 00:04:01]} Be7 {[%clk 01:30:44] [%emt 00:07:39]} 11. Nf1
{[%clk 01:29:06] [%emt 00:03:49]} O-O {[%clk 01:28:30] [%emt 00:02:43]} 12. Ne3
{[%clk 01:24:38] [%emt 00:04:59]} Qe8 {[%clk 01:16:59] [%emt 00:12:02]} 13. b3
{[%clk 01:17:29] [%emt 00:07:39]} Kh8 {[%clk 01:15:52] [%emt 00:01:36]} 14. Ba3
{[%clk 01:16:58] [%emt 00:01:02]} Nb6 {[%clk 01:04:37] [%emt 00:11:45]} 15. c4
{[%clk 01:09:09] [%emt 00:08:19]} Nd7 {[%clk 01:01:20] [%emt 00:03:47]} 16. Bb2
{[%clk 00:39:14] [%emt 00:30:26]} c5 {[%clk 00:47:14] [%emt 00:14:36]} 17. d5
{[%clk 00:39:36] [%emt 00:00:08]} g6 {[%clk 00:47:27] [%emt 00:00:17]} 18. Nd2
{[%clk 00:38:16] [%emt 00:01:50]} Kg8 {[%clk 00:34:18] [%emt 00:13:39]} 19. Qg4
{[%clk 00:30:29] [%emt 00:08:17]} Nb8 {[%clk 00:34:00] [%emt 00:00:48]} 20. Qg3
{[%clk 00:29:27] [%emt 00:01:32]} Na6 {[%clk 00:34:02] [%emt 00:00:28]} 21. Nc2
{[%clk 00:29:29] [%emt 00:00:28]} g5 {[%clk 00:33:04] [%emt 00:01:28]} 22. Bc3
{[%clk 00:25:27] [%emt 00:04:33]} f5 {[%clk 00:21:14] [%emt 00:12:20]} 23. exf5
{[%clk 00:21:51] [%emt 00:04:06]} Bxf5 {[%clk 00:21:27] [%emt 00:00:16]} 24. Ne3
{[%clk 00:22:16] [%emt 00:00:06]} Bd7 {[%clk 00:18:29] [%emt 00:03:28]} 25. Bxa5
{[%clk 00:19:37] [%emt 00:03:09]} Qg6 {[%clk 00:18:20] [%emt 00:00:38]} 26. f3
{[%clk 00:18:27] [%emt 00:01:41]} Rab8 {[%clk 00:18:11] [%emt 00:00:40]} 27. Rf1
{[%clk 00:15:31] [%emt 00:03:27]} h5 {[%clk 00:16:26] [%emt 00:02:14]} 28. h3
{[%clk 00:15:54] [%emt 00:00:06]} Rf7 {[%clk 00:15:45] [%emt 00:01:11]} 29. Qe1
{[%clk 00:14:06] [%emt 00:02:18]} g4 {[%clk 00:13:46] [%emt 00:02:29]} 30. fxg4
{[%clk 00:11:27] [%emt 00:03:10]} Rxf1+ {[%clk 00:14:04] [%emt 00:00:12]} 31.
Qxf1 {[%clk 00:11:49] [%emt 00:00:08]} hxg4 {[%clk 00:13:17] [%emt 00:01:17]}
32. Nxg4 {[%clk 00:11:38] [%emt 00:00:41]} Bxg4 {[%clk 00:10:41] [%emt
00:03:06]} 33. hxg4 {[%clk 00:12:01] [%emt 00:00:07]} Qxg4 {[%clk 00:09:58]
[%emt 00:01:12]} 34. Qd3 {[%clk 00:08:04] [%emt 00:04:28]} Qd4+ {[%clk 00:08:48]
[%emt 00:01:41]} 35. Qxd4 {[%clk 00:08:28] [%emt 00:00:06]} exd4 {[%clk
00:06:27] [%emt 00:02:51]} 36. Rb1 {[%clk 00:08:11] [%emt 00:00:47]} Kg7 {[%clk
00:06:33] [%emt 00:00:23]} 37. Kf2 {[%clk 00:07:22] [%emt 00:01:19]} Kg6 {[%clk
00:06:09] [%emt 00:00:54]} 38. Ke2 {[%clk 00:03:52] [%emt 00:04:01]} Rg8 {[%clk
00:03:27] [%emt 00:03:11]} 39. g3 {[%clk 00:00:47] [%emt 00:03:35]} Bg5 {[%clk
00:01:25] [%emt 00:02:32]} 40. Ne4 {[%clk 00:00:40] [%emt 00:00:37]} Re8 {[%clk
00:00:54] [%emt 00:01:01]} 41. Kd3 {[%clk 00:45:20] [%emt 00:05:51]} Rf8 {[%clk
00:48:07] [%emt 00:03:17]} 42. Ke2 {[%clk 00:42:27] [%emt 00:03:22]} Re8 {[%clk
00:47:32] [%emt 00:01:05]} 43. Kd3 {[%clk 00:42:50] [%emt 00:00:07]} Rf8 {[%clk
00:47:52] [%emt 00:00:10]} 44. Ke2 {[%emt 00:04:57]} 1/2-1/2

[Site "Europe Echecs"]

[Event "Grand Swiss "]
[Date "2025.09.11"]
[White "Praggnanandhaa R"]
[Black "Rodshtein, Maxim"]
[WhiteElo "2785"]
[BlackElo "2645"]
[Round "7.7.11"]
[Result "1-0"]

1. e4 {[%clk 01:40:07] [%emt 00:00:51]} e5 {[%clk 01:40:35] [%emt 00:00:25]} 2.
Nf3 {[%clk 01:40:27] [%emt 00:00:10]} Nc6 {[%clk 01:40:59] [%emt 00:00:06]} 3.
g3 {[%clk 01:40:43] [%emt 00:00:13]} Nf6 {[%clk 01:39:30] [%emt 00:02:00]} 4. d3
{[%clk 01:41:06] [%emt 00:00:07]} Bc5 {[%clk 01:35:34] [%emt 00:04:26]} 5. Bg2
{[%clk 01:41:30] [%emt 00:00:06]} d6 {[%clk 01:35:44] [%emt 00:00:20]} 6. O-O
{[%clk 01:41:47] [%emt 00:00:13]} O-O {[%clk 01:34:25] [%emt 00:01:49]} 7. h3
{[%clk 01:42:09] [%emt 00:00:07]} a5 {[%clk 01:32:53] [%emt 00:02:03]} 8. Kh2
{[%clk 01:42:09] [%emt 00:00:30]} h6 {[%clk 01:19:46] [%emt 00:13:38]} 9. c4
{[%clk 01:42:31] [%emt 00:00:08]} Bd7 {[%clk 01:13:51] [%emt 00:06:26]} 10. Nc3
{[%clk 01:41:23] [%emt 00:01:37]} Nh7 {[%clk 01:06:33] [%emt 00:07:48]} 11. Nd2
{[%clk 01:08:51] [%emt 00:33:02]} Nd4 {[%clk 01:02:55] [%emt 00:04:07]} 12. Nb3
{[%clk 01:06:37] [%emt 00:02:45]} a4 {[%clk 00:51:22] [%emt 00:12:02]} 13. Nxc5
{[%clk 01:04:54] [%emt 00:02:13]} dxc5 {[%clk 00:51:46] [%emt 00:00:06]} 14. f4
{[%clk 01:05:10] [%emt 00:00:14]} exf4 {[%clk 00:45:21] [%emt 00:06:56]} 15.
Bxf4 {[%clk 01:05:28] [%emt 00:00:12]} b6 {[%clk 00:40:30] [%emt 00:05:21]} 16.
Qd2 {[%clk 01:01:41] [%emt 00:04:17]} Ng5 {[%clk 00:38:12] [%emt 00:02:48]} 17.
Rf2 {[%clk 00:47:24] [%emt 00:14:47]} f6 {[%clk 00:29:02] [%emt 00:09:41]} 18.
Raf1 {[%clk 00:41:06] [%emt 00:06:49]} c6 {[%clk 00:27:26] [%emt 00:02:05]} 19.
Bxg5 {[%clk 00:32:35] [%emt 00:09:01]} hxg5 {[%clk 00:27:50] [%emt 00:00:06]}
20. e5 {[%clk 00:33:02] [%emt 00:00:03]} f5 {[%clk 00:28:05] [%emt 00:00:15]}
21. Ne2 {[%clk 00:33:27] [%emt 00:00:04]} Ra5 {[%clk 00:13:18] [%emt 00:15:18]}
22. Nxd4 {[%clk 00:24:58] [%emt 00:08:59]} cxd4 {[%clk 00:13:46] [%emt
00:00:02]} 23. Re2 {[%clk 00:25:20] [%emt 00:00:09]} Re8 {[%clk 00:08:40] [%emt
00:05:36]} 24. Qe1 {[%clk 00:25:24] [%emt 00:00:25]} Qc8 {[%clk 00:08:19] [%emt
00:00:51]} 25. b4 {[%clk 00:17:03] [%emt 00:08:51]} axb3 {[%clk 00:08:44] [%emt
00:00:05]} 26. axb3 {[%clk 00:17:31] [%emt 00:00:03]} g6 {[%clk 00:05:03] [%emt
00:04:11]} 27. b4 {[%clk 00:16:02] [%emt 00:01:59]} Ra7 {[%clk 00:05:29] [%emt
00:00:04]} 28. c5 {[%clk 00:07:41] [%emt 00:08:51]} bxc5 {[%clk 00:03:21] [%emt
00:02:39]} 29. bxc5 {[%clk 00:08:09] [%emt 00:00:02]} Be6 {[%clk 00:01:58] [%emt
00:01:52]} 30. Qc1 {[%clk 00:08:12] [%emt 00:00:27]} f4 {[%clk 00:01:13] [%emt
00:01:15]} 31. gxf4 {[%clk 00:07:55] [%emt 00:00:47]} Rh7 {[%clk 00:01:41] [%emt
00:00:02]} 32. f5 {[%clk 00:06:14] [%emt 00:02:11]} Bxf5 {[%clk 00:02:09] [%emt
00:00:02]} 33. Qxg5 {[%clk 00:06:34] [%emt 00:00:10]} Rh5 {[%clk 00:01:25] [%emt
00:01:14]} 34. Qg3 {[%clk 00:06:29] [%emt 00:00:34]} Re7 {[%clk 00:01:15] [%emt
00:00:41]} 35. Rf4 {[%clk 00:03:16] [%emt 00:03:43]} Qd7 {[%clk 00:00:49] [%emt
00:00:57]} 36. Kg1 {[%clk 00:01:13] [%emt 00:02:33]} Kg7 {[%clk 00:00:33] [%emt
00:00:46]} 37. h4 {[%clk 00:01:14] [%emt 00:00:29]} Rh8 {[%clk 00:00:32] [%emt
00:00:30]} 38. Qg5 {[%clk 00:00:55] [%emt 00:00:48]} Rf7 {[%clk 00:00:36] [%emt
00:00:26]} 39. Bf3 {[%clk 00:00:32] [%emt 00:00:54]} Qd8 {[%clk 00:00:32] [%emt
00:00:35]} 40. Qg3 {[%clk 00:00:33] [%emt 00:00:29]} Qa5 {[%clk 00:00:32] [%emt
00:00:29]} 41. h5 {[%clk 00:41:58] [%emt 00:09:04]} Kf8 {[%clk 00:26:09] [%emt
00:24:53]} 42. e6 {[%clk 00:37:09] [%emt 00:05:19]} 1-0

[Site "Europe Echecs"]